Statistiche per Nazioni vincitrici Tour de France

Clicka qui per fare il quiz!

Statistiche generali

  • Questo quiz è stato fatto 18 volte
  • Il punteggio medio è 14 su 15

Statistiche sulle risposte

ContinenteVincitoriNazione% Corretto
Europa21Francia
100%
Europa1Germania
100%
Europa7Italia
100%
Europa2Paesi Bassi
100%
Europa3Regno Unito
100%
Europa7Spagna
100%
America del Nord1Stati Uniti
100%
Oceania1Australia
93%
Europa10Belgio
93%
Europa4Lussemburgo
93%
Europa2Danimarca
87%
Europa1Irlanda
87%
Europa1Slovenia
87%
Europa2Svizzera
87%
America del Sud1Colombia
80%

Distribuzione punteggi

Percentile per numero di risposta

Percentuale di utenti per punteggio

I tuoi punteggi nel tempo

Non hai fatto questo quiz